000 00201nam a2200085Ia 4500
008 180219s9999 xx 000 0 und d
100 _aMinsi Premchand
245 0 _aPrem Chand Ki Anmol Kahaniya
260 _aMathura
260 _c2012
999 _c43285
_d43285